Central Library OPAC University of Rajshahi

Drama in rural India / (Record no. 22382)

MARC details
000 -LEADER
fixed length control field 00725cam a2200253 4500
001 - CONTROL NUMBER
control field 22382
003 - CONTROL NUMBER IDENTIFIER
rucl marc code BD-RjUL
005 - DATE AND TIME OF LATEST TRANSACTION
control field 20211209000811.0
008 - FIXED-LENGTH DATA ELEMENTS--GENERAL INFORMATION
fixed length control field 140308s1964 ii a 000 1 eng d
035 ## - SYSTEM CONTROL NUMBER
System control number (OCoLC)ocm00702544
System control number (BD-RjUL)22447
040 ## - CATALOGING SOURCE
Original cataloging agency VTU
Transcribing agency VTU
Modifying agency YSM
-- PAU
-- BD-RjUL
Language of cataloging eng
041 ## - LANGUAGE CODE
Language code of text/sound track or separate title eng
082 00 - DEWEY DECIMAL CLASSIFICATION NUMBER
Classification number 892.19
Author mark and year MAD 1964
099 ## - LOCAL FREE-TEXT CALL NUMBER (OCLC)
Bangla Class number M426
100 1# - MAIN ENTRY--PERSONAL NAME
Personal name Mathur, Jagdish Chandra,
Dates associated with a name 1917-1978.
9 (RLIN) 69108
245 10 - TITLE STATEMENT
Title Drama in rural India /
Statement of responsibility, etc. J. C. Mathur.
260 ## - PUBLICATION, DISTRIBUTION, ETC. (IMPRINT)
Place of publication, distribution, etc. Bombay :
Name of publisher, distributor, etc. Indian Council for Cultural Relations,
Date of publication, distribution, etc. c1964.
300 ## - PHYSICAL DESCRIPTION
Pagination 121 p. :
Illustrations illus. ;
Size 25 cm.
504 ## - BIBLIOGRAPHY, ETC. NOTE
Bibliography, etc Includes bibliography.
650 #0 - SUBJECT ADDED ENTRY--TOPICAL TERM
Topical term or geographic name as entry element Theater
Geographic subdivision India.
9 (RLIN) 69109
942 ## - ADDED ENTRY ELEMENTS (KOHA)
Source of classification or shelving scheme Dewey Decimal Classification
Koha item type Books
Holdings
Lost status Source of classification or shelving scheme Damaged status Not for loan Collection code Permanent Location Current Location Shelving location Date acquired Source of acquisition Cost, normal purchase price Total Checkouts Full call number Date last seen Copy number Koha item type
  Dewey Decimal Classification   Added to bundle Fiction Central Library, University of Rajshahi Central Library, University of Rajshahi Reading Room 10/05/1965 Green Book House 19.72   892.19 MAD 1964 08/03/2014 C-1 Books